000 00259nam a2200109Ia 4500
005 20251222143247.0
008 251222s9999||||xx |||||||||||||| ||spa||
082 _a869.566/D58
245 0 _aJosé Carlos Mariátegui y Europa:
264 _bAmauta
942 _cLIB
999 _c14826
_d14826